[Event "WY BU18 2012"]
[Site "Maribor SLO"]
[Date "2012.11.08"]
[Round "1.25"]
[White "Kokotovic,A"]
[Black "Drozdowski,K"]
[Result "0-1"]
[WhiteElo "2062"]
[BlackElo "2392"]

1.d4 Nf6 2.c4 g6 3.Nc3 d5 4.cxd5 Nxd5 5.e4 Nxc3 6.bxc3 Bg7 7.Be3 c5 8.Qd2 O-O
9.Nf3 Bg4 10.Be2 Qa5 11.h3 Bxf3 12.Bxf3 Nc6 13.e5 Rfd8 14.Bxc6 bxc6 15.f4 f6
16.exf6 Bxf6 17.Rd1 cxd4 18.cxd4 Qxd2+ 19.Rxd2 c5 20.Ke2 cxd4 21.Rhd1 e5
22.Bg1 Rd5 23.fxe5 Rxe5+ 24.Kf1 Bg5 25.Bxd4 Rf5+ 26.Bf2 Bxd2 27.Rxd2 Kf7
28.Kg1 Ke6 29.Bg3 Rd5 30.Rc2 Rad8 31.Be1 Kd7 32.Bb4 Rc8 33.Re2 a5 34.Ba3 Rc3
35.Bf8 Rf5 36.Be7 g5 37.Kh2 h6 38.Kg1 Rf7  0-1

[Event "WY BU14 2012"]
[Site "Maribor SLO"]
[Date "2012.11.08"]
[Round "1.66"]
[White "Choi,Ian"]
[Black "Thybo,Jesper Sondergaard"]
[Result "0-1"]
[WhiteElo "1478"]
[BlackElo "2001"]

1.d4 Nf6 2.c4 g6 3.Nc3 d5 4.cxd5 Nxd5 5.e4 Nxc3 6.bxc3 Bg7 7.Qa4+ Qd7 8.Qa3 O-O
9.Be3 b6 10.Rc1 Bb7 11.f3 f5 12.Bc4+ Kh8 13.e5 Nc6 14.Nh3 Na5 15.Be2 c5 16.Nf4 cxd4
17.cxd4 Rac8 18.O-O e6 19.Qb4 Nc6 20.Qa4 Nxe5 21.Qxd7 Nxd7 22.Nxe6 Rfe8 23.Rxc8 Bxc8
24.Bc4 Nf8 25.d5 Nxe6 26.dxe6 Bxe6 27.Bxe6 Rxe6 28.Rd1 Rxe3 29.Rd8+ Bf8 30.Rxf8+ Kg7
31.Rd8 Re7 32.Kf2 Kf6 33.a4 Ke6 34.Rd3 Rd7 35.Rxd7 Kxd7 36.Ke3 Kd6 37.Kd4 a6
38.f4 b5 39.a5 Kc6 40.h3 h5 41.g3 Kd6 42.h4 Kc6  0-1

[Event "WY BU18 2012"]
[Site "Maribor SLO"]
[Date "2012.11.09"]
[Round "2.48"]
[White "Brcar,Al"]
[Black "Gregory,Sam"]
[Result "1/2-1/2"]
[WhiteElo "2090"]
[BlackElo "1771"]

1.d4 Nf6 2.c4 g6 3.Nc3 d5 4.cxd5 Nxd5 5.e4 Nxc3 6.bxc3 Bg7 7.Nf3 O-O 8.Be3 c5
9.Qd2 Qa5 10.Rc1 Nc6 11.d5 Ne5 12.Nxe5 Bxe5 13.f4 Bg7 14.c4 Qc7 15.Be2 Rd8
16.O-O b6 17.Bf3 Bb7 18.Rfd1 Qd7 19.Qe2 Qa4 20.e5 Bf8 21.Bf2 Rab8 22.Bh4 Re8
23.Qc2 Qxc2 24.Rxc2 Kg7 25.d6 Bxf3 26.gxf3 Rb7 27.d7 Rd8 28.Rcd2 a6 29.a4 b5
30.axb5 axb5 31.cxb5 Rxb5 32.Bf2 c4 33.e6 fxe6 34.Bd4+ Kf7 35.Be5 Rb7 36.Bc3 Rb5
37.Be5 Rb7 38.Bc3 Rb5 39.Ra1 Rd5 40.Ra7 Bg7 41.Rc2  1/2-1/2

[Event "WY BU16 2012"]
[Site "Maribor SLO"]
[Date "2012.11.09"]
[Round "2.6"]
[White "Javanbakht,N"]
[Black "Olund,Joar"]
[Result "1-0"]
[WhiteElo "2416"]
[BlackElo "2175"]

1.d4 Nf6 2.c4 g6 3.Nc3 d5 4.cxd5 Nxd5 5.e4 Nxc3 6.bxc3 Bg7 7.Bc4 c5 8.Ne2 Nc6
9.Be3 O-O 10.O-O e6 11.Qd2 b6 12.Rac1 Bb7 13.Rfd1 Na5 14.Bd3 cxd4 15.cxd4 Qe7
16.Bg5 f6 17.Bh6 Rfd8 18.h4 Rac8 19.h5 Nc6 20.Bxg7 Kxg7 21.h6+ Kf8 22.Bb5 Qb4
23.Qf4 Qxb5 24.Qxf6+ Ke8 25.Nf4 Rd6 26.Nxg6 Qh5 27.Qh8+ Kd7 28.Qxh7+ Kd8
29.d5 exd5 30.Rxd5 Rxd5 31.exd5 Qg5 32.Qh8+ Kd7 33.dxc6+ Rxc6 34.Qg7+ Kd8
35.Rd1+ Kc8  1-0

[Event "WY GU16 2012"]
[Site "Maribor SLO"]
[Date "2012.11.10"]
[Round "3.6"]
[White "Aseeva,A"]
[Black "Nandhidhaa,P"]
[Result "0-1"]
[WhiteElo "2023"]
[BlackElo "2166"]

1.d4 Nf6 2.c4 g6 3.Nc3 d5 4.cxd5 Nxd5 5.e4 Nxc3 6.bxc3 Bg7 7.Bc4 c5 8.Ne2 O-O
9.O-O cxd4 10.cxd4 Nc6 11.Be3 b6 12.Rc1 Bb7 13.Qd2 Rc8 14.Rfd1 Qd6 15.f3 Rfd8
16.d5 Na5 17.Bd3 Rxc1 18.Qxc1 e6 19.dxe6 Qxe6 20.Qb1 h6 21.Nf4 Qe7 22.Bf1 g5
23.Rxd8+ Qxd8 24.Qd3 Qxd3 25.Nxd3 Nc4 26.Bf2 Nd2 27.Be2 g4 28.Nb4 Kf8 29.Be3 Nb1
30.Bc4 Nc3 31.Kf1 b5 32.Bd3 gxf3 33.gxf3 a6 34.a3 Ke7 35.Bc5+ Kd7 36.Ke1 Na4
37.Be3 Nb2 38.Bc2 Nc4 39.Bc1 Kd6 40.Ke2 Kc5 41.Kd3 a5 42.Na2 Ba6 43.Bb3 h5
44.h3 Bc8 45.h4 Be6 46.f4 a4 47.Bd1 Nb2+ 48.Bxb2 Bxb2 49.Nc3 Bc4+ 50.Kd2 Bxa3
51.Bxh5 Bb4 52.Kc2 a3 53.Nd1 Be1 54.Bg4 b4 55.h5 b3+ 56.Kc1 Bd2+ 57.Kb1 Bd3+
58.Ka1 Bxf4  0-1

[Event "WY BU14 2012"]
[Site "Maribor SLO"]
[Date "2012.11.10"]
[Round "3.32"]
[White "Doknjas,John"]
[Black "Peczely,S"]
[Result "0-1"]
[WhiteElo "1900"]
[BlackElo "2092"]

1.d4 Nf6 2.c4 g6 3.Nc3 d5 4.cxd5 Nxd5 5.e4 Nxc3 6.bxc3 Bg7 7.Nf3 O-O 8.Rb1 c5
9.Be2 Nc6 10.d5 Ne5 11.Nxe5 Bxe5 12.Qc2 Qc7 13.g3 e6 14.f4 Bg7 15.dxe6 Bxe6
16.O-O Rfe8 17.f5 gxf5 18.exf5 Bd5 19.f6 c4 20.Rb5 Be4 21.Qd2 Bf8 22.Bf3 Bxf3
23.Qg5+ Kh8 24.Rxf3 Rad8 25.Ba3 Rd1+ 26.Rf1 Rxf1+ 27.Kxf1 Qc6 28.Rd5 Qe6
29.Bxf8 Qh3+ 30.Kf2 Qxh2+ 31.Kf1 Qh1+ 32.Kf2 Qe1+ 33.Kg2 Re2+ 34.Kf3 Qf1+
35.Kg4 Re4+ 36.Qf4 Rxf4+ 37.Kg5 Rxf6 38.Bc5 Rg6+  0-1

[Event "TCh-CZE Div1 Vychod 2012-13"]
[Site "Czech Republic CZE"]
[Date "2012.11.11"]
[Round "2.2"]
[White "Roubalik,J"]
[Black "Kolosowski,M"]
[Result "0-1"]
[WhiteElo "2333"]
[BlackElo "2442"]

1.d4 Nf6 2.c4 g6 3.Nc3 d5 4.cxd5 Nxd5 5.e4 Nxc3 6.bxc3 Bg7 7.Bc4 c5 8.Ne2 Nc6
9.Be3 O-O 10.O-O Bd7 11.Qd2 Qa5 12.Rab1 cxd4 13.cxd4 Qxd2 14.Bxd2 b6 15.Be3 e5
16.d5 Na5 17.Ba6 f5 18.f3 Rf7 19.Rfc1 Bf8 20.Nc3 Ba3 21.Rd1 Bd6 22.Rdc1 Ba3
23.Rc2 Rff8 24.Nb5 Bxb5 25.Bxb5 fxe4 26.fxe4 Nb7 27.Bh6 Bc5+ 28.Kh1 Rf2 29.Rcc1 Raf8
30.Bg5 R8f7 31.Be8 Rf8 32.Bd7 Kg7 33.a4 h6 34.Bh4 R2f4 35.Bg3 Rxe4 36.Re1 Rxe1+
37.Rxe1 Bd4 38.h3 Nc5 39.Bb5 Rf5 40.Kh2 Kf6 41.Rd1 Ke7 42.d6+ Kd8 43.Re1 a6
44.Bc6 Rf6 45.Bxe5 Bxe5+ 46.Rxe5 Rxd6 47.Be8 g5 48.Re3 Rd4 49.Bc6 Kc7 50.Be8 Re4
51.Rxe4 Nxe4 52.g3 Kd6 53.Kg2 Kc5 54.Kf3 Nf6 55.Bg6 Kb4 56.Bc2 Kc3 57.Bf5 b5
58.axb5 axb5 59.h4 Kd2 60.hxg5 hxg5 61.Be6 b4 62.Bf7 Kc3 63.Ke2 b3 64.Bg6 Kd4
65.Kf3 b2 66.Bb1 Kc3 67.Ke3 Ng4+ 68.Ke2 Ne5 69.Ke3 Nc4+ 70.Ke2 Na3 71.Ba2 Kd4
72.Kf3 Ke5  0-1

[Event "WY BU16 2012"]
[Site "Maribor SLO"]
[Date "2012.11.11"]
[Round "4.12"]
[White "Koksal,E"]
[Black "Girish,A"]
[Result "0-1"]
[WhiteElo "2182"]
[BlackElo "2367"]

1.d4 Nf6 2.c4 g6 3.Nc3 d5 4.cxd5 Nxd5 5.e4 Nxc3 6.bxc3 Bg7 7.Rb1 c5 8.Nf3 O-O
9.Be2 b6 10.O-O Bb7 11.Qd3 Ba6 12.Qd2 Qd7 13.Bxa6 Nxa6 14.Qe2 Nc7 15.Rd1 Rfd8
16.Bg5 cxd4 17.cxd4 Ne6 18.Be3 Rac8 19.d5 Nc5 20.Bd4 Na4 21.Bxg7 Kxg7 22.Rbc1 Nc3
23.Qb2 Qa4 24.h4 Qxa2 25.Qxa2 Nxa2 26.Ra1 Nc3 27.Re1 a5 28.Kh2 Rc4 29.Rac1 b5
30.Re3 b4 31.Nd2 Rc7 32.Nb3 a4 33.Na5 Nxd5 34.Rxc7 Nxc7 35.Nc6 b3 36.Nxd8 b2
37.Rc3 b1=Q 38.Rxc7 Qb8  0-1

[Event "WY GU18 2012"]
[Site "Maribor SLO"]
[Date "2012.11.11"]
[Round "4.11"]
[White "Baraeva,I"]
[Black "Ainutdinova,Y"]
[Result "1-0"]
[WhiteElo "2174"]
[BlackElo "2039"]

1.d4 Nf6 2.c4 g6 3.Nc3 d5 4.cxd5 Nxd5 5.e4 Nxc3 6.bxc3 Bg7 7.Bc4 c5 8.Ne2 Nc6
9.Be3 O-O 10.O-O Bg4 11.f3 Na5 12.Bd5 cxd4 13.cxd4 Bd7 14.Rb1 a6 15.a4 e6
16.Ba2 b5 17.d5 exd5 18.Bxd5 Rc8 19.Qd2 Nc4 20.Bxc4 bxc4 21.Bb6 Qe7 22.a5 c3
23.Qc2 Rc4 24.Nf4 Ba4 25.Qa2 Rfc8 26.Nd5 Qd6 27.Be3 c2 28.Rbc1 Bb5 29.Rf2 Ra4
30.Rfxc2 Rd8 31.Qb3 Ra3 32.Qb1 Bd3 33.Bb6 Re8 34.Rc8 Qf8 35.Rxe8 Qxe8 36.Qb4 Ra4
37.Qb3 Bb5 38.Rc8 Ra1+ 39.Kf2 Rf1+ 40.Kg3 Be5+ 41.Kh4 Qxc8 42.Ne7+ Kg7 43.Nxc8  1-0

[Event "38th ch-BAN 2012"]
[Site "Dhaka BAN"]
[Date "2012.11.12"]
[Round "5.1"]
[White "Chatterjee,D"]
[Black "Ahmed,J BAN"]
[Result "1/2-1/2"]
[WhiteElo "2307"]
[BlackElo "2155"]

1.d4 Nf6 2.c4 g6 3.Nc3 d5 4.cxd5 Nxd5 5.e4 Nxc3 6.bxc3 Bg7 7.Nf3 c5 8.Rb1 O-O
9.Be2 Nc6 10.d5 Na5 11.c4 Bg4 12.Qc2 Qc7 13.O-O b6 14.Bb2 e5 15.dxe6 Bxe6
16.Bxg7 Kxg7 17.Qc3+ Kg8 18.Ne5 Rae8 19.Rbe1 Bc8 20.Ng4 Bxg4 21.Bxg4 Nc6
22.f4 f6 23.h4 Nd4 24.h5 f5 25.exf5 gxf5 26.Bf3 Qg7 27.Kh1 h6 28.Bd5+ Kh7
29.Rxe8 Rxe8 30.Re1 Ne2 31.Qxg7+ Kxg7 32.Kh2 Kf8 33.g3 Re3 34.Bg2 Kg7 35.a4 Kf6
36.Rd1 Nxg3 37.Rd6+ Ke7 38.Rxh6 Ne2 39.Rh7+ Kf6 40.Rh6+ Kg7 41.Rg6+ Kh7 42.Rf6 Nxf4
43.Rxf5 Nxg2 44.Kxg2 Re4 45.Rf7+ Kh6 46.Rxa7 Rxc4 47.Ra6 Kxh5 48.Rxb6 Rxa4
49.Rb5 Rc4 50.Kf3 Kg5 51.Ke3 Kf5 52.Kd3 Rc1 53.Kd2 Rc4 54.Kd3 Rc1 55.Kd2 Rc4
56.Kd3  1/2-1/2

[Event "WY BU14 2012"]
[Site "Maribor SLO"]
[Date "2012.11.12"]
[Round "5.10"]
[White "Troff,Kayden W"]
[Black "Dale,Ari"]
[Result "1-0"]
[WhiteElo "2350"]
[BlackElo "2161"]

1.d4 Nf6 2.c4 g6 3.Nc3 d5 4.cxd5 Nxd5 5.e4 Nxc3 6.bxc3 Bg7 7.Qa4+ Nd7 8.Be3 O-O
9.Rc1 e6 10.Nf3 c5 11.Bd3 a6 12.Qa3 Qc7 13.h4 b6 14.e5 Bb7 15.h5 Rac8 16.hxg6 hxg6
17.Kf1 Qb8 18.Ng5 Rfd8 19.Rd1 b5 20.f4 Qa8 21.Rh2 Nb6 22.Be2 Rc7 23.Rd3 Be4
24.Rd1 Bd5 25.dxc5 Nc4 26.Qc1 Rcd7 27.Bd4 a5 28.Nh7 Rc7 29.Kf2 a4 30.Nf6+ Kf8
31.Bxc4 Bxc4 32.c6 Rxd4 33.Qa3+ Re7 34.Rxd4 Bd5 35.c7 Qc6 36.Rxd5 exd5 37.Nxd5  1-0

[Event "WY BU18 2012"]
[Site "Maribor SLO"]
[Date "2012.11.12"]
[Round "5.19"]
[White "Naoum,S"]
[Black "Drozdowski,K"]
[Result "1/2-1/2"]
[WhiteElo "2184"]
[BlackElo "2392"]

1.d4 Nf6 2.c4 g6 3.Nc3 d5 4.cxd5 Nxd5 5.e4 Nxc3 6.bxc3 Bg7 7.Bc4 c5 8.Ne2 O-O
9.O-O Nc6 10.Be3 Qc7 11.Bb3 Bd7 12.Rb1 Rac8 13.Qc1 cxd4 14.cxd4 Na5 15.Qa3 Nxb3
16.Rxb3 b6 17.Rc1 Qb7 18.Rbc3 Qxe4 19.Qxa7 Qe6 20.Nf4 Qd6 21.Rxc8 Bxc8 22.Qc7 Qxc7
23.Rxc7 e6 24.d5 Be5 25.Rc6 exd5 26.Nxd5 Be6 27.Nxb6 Bxa2 28.f4 Bg7 29.Rc8 Be6
30.Rxf8+ Kxf8 31.Na4 Ke7 32.Nc5 Bf5 33.Nb3 h5 34.Nd4 Be4 35.Kf2 f6 36.h3 Kf7
37.g4 Bf8 38.Ne2 hxg4 39.hxg4 Bb4 40.Nd4 Bc5 41.f5  1/2-1/2

[Event "WY BU14 2012"]
[Site "Maribor SLO"]
[Date "2012.11.12"]
[Round "5.50"]
[White "Ozmen,Mustafa Lutfi Poyraz"]
[Black "Loh,Zachary"]
[Result "1-0"]
[WhiteElo "1723"]
[BlackElo "1953"]

1.d4 Nf6 2.c4 g6 3.Nc3 d5 4.cxd5 Nxd5 5.e4 Nxc3 6.bxc3 Bg7 7.Bc4 c5 8.Ne2 O-O
9.O-O Nc6 10.Be3 e6 11.Rb1 cxd4 12.cxd4 Na5 13.Bd3 b6 14.Qa4 Qe7 15.Rfd1 Bb7
16.Bd2 Bc6 17.Qb4 Qxb4 18.Bxb4 Rfd8 19.Bxa5 bxa5 20.Rdc1 Rac8 21.Rc5 Bxd4
22.Nxd4 Rxd4 23.Ba6 Rc7 24.Rbc1 Bb7 25.Rxc7 Bxa6 26.Rxa7 Rd6 27.h3 e5 28.Rc5 Bd3
29.Rxe5 Rd4 30.Raxa5 Bxe4 31.Ra7 Bd5 32.a4 Be6 33.a5 Ra4 34.Rc5 Kg7 35.a6 Bc4
36.Rc6 Bd5 37.Rd6 Bc4 38.Ra8 Ra1+ 39.Kh2 Ra2 40.Kg3 g5 41.a7 h5 42.Rc8 h4+
43.Kh2 Rxa7 44.Rxc4 Ra2 45.Rc5 f6 46.Rc7+  1-0

[Event "WY BU14 2012"]
[Site "Maribor SLO"]
[Date "2012.11.12"]
[Round "6.40"]
[White "Arcuti,Davide"]
[Black "Munkhbayar,Gijir"]
[Result "1/2-1/2"]
[WhiteElo "2055"]
[BlackElo "1866"]

1.d4 Nf6 2.c4 g6 3.Nc3 d5 4.cxd5 Nxd5 5.e4 Nxc3 6.bxc3 Bg7 7.Bc4 c5 8.Ne2 Nc6
9.Be3 O-O 10.O-O Bg4 11.f3 Bd7 12.Rc1 Rc8 13.Qd2 Qa5 14.Qb2 b6 15.Rfd1 Rfd8
16.Kh1 e6 17.Bg5 Re8 18.Be3 Red8 19.Nf4 Bh6 20.Qf2 Qa3 21.d5 Ne5 22.Bf1 Bg7
23.g3 h6 24.dxe6 Bxe6 25.Nxe6 fxe6 26.Rxd8+ Rxd8  1/2-1/2

[Event "WY GU18 2012"]
[Site "Maribor SLO"]
[Date "2012.11.12"]
[Round "6"]
[White "Baraeva,I"]
[Black "Efroimski,M"]
[Result "0-1"]
[WhiteElo "2174"]
[BlackElo "2168"]

1.c4 Nf6 2.d4 g6 3.Nc3 d5 4.cxd5 Nxd5 5.e4 Nxc3 6.bxc3 Bg7 7.Bc4 c5 8.Ne2 O-O
9.O-O Nc6 10.Be3 Qc7 11.Rc1 e6 12.Qd2 Qa5 13.Rfd1 cxd4 14.cxd4 Qxd2 15.Rxd2 Bd7
16.Nf4 Na5 17.Bf1 Rfc8 18.Rxc8+ Rxc8 19.d5 e5 20.Ne2 Nc4 21.Rd3 Nxe3 22.Rxe3 Bf8
23.Rb3 b5 24.Rc3 Bc5 25.g3 b4 26.Rc1 a5 27.Rb1 f5 28.Bh3 Rc7 29.Bg2 fxe4
30.Bxe4 Bf5 31.Bxf5 gxf5 32.Rb2 Kf7 33.Kg2 Ke7 34.Rd2 Kd6 35.h3 Bb6 36.g4 f4
37.Kf3 Rc5 38.Ke4 Rc4+ 39.Kf5 Bxf2 40.g5 f3 41.Nc1 Rf4+  0-1

[Event "WY BU16 2012"]
[Site "Maribor SLO"]
[Date "2012.11.12"]
[Round "6.20"]
[White "Sohal,T"]
[Black "Lokander,M"]
[Result "1/2-1/2"]
[WhiteElo "2108"]
[BlackElo "2238"]

1.d4 Nf6 2.c4 g6 3.Nc3 d5 4.cxd5 Nxd5 5.e4 Nxc3 6.bxc3 Bg7 7.Be3 c5 8.Qd2 Qa5
9.Rc1 O-O 10.Nf3 Rd8 11.d5 e6 12.Bg5 f6 13.Be3 exd5 14.exd5 Nc6 15.Bd3 c4
16.Bxc4 Be6 17.dxc6 Bxc4 18.cxb7 Rab8 19.Nd4 Qd5 20.f3 Rd7 21.Kf2 f5 22.Rhd1 Qxb7
23.Qc2 Re8 24.Qa4 Bf7 25.Re1 Rc8 26.Rb1 Qd5 27.Ne2 Re7 28.Bd4 Qxa2 29.Qxa2 Bxa2
30.Ra1 Bc4 31.Bxg7 Rxg7 32.Nd4 a6 33.Reb1 Rgc7 34.Ra3 Kf8 35.Ke3 Ke7 36.Kd2 Kd7
37.g3 Ke7 38.Rb6 Kf7 39.Ra1 Ke7 40.f4 Rc5 41.Rb7+ R8c7 42.Re1+ Kd7 43.Rb8 Rc8
44.Rb6 Kc7 45.Rb2 Kd7 46.Ra1 Bd5 47.Rxa6 Rxc3  1/2-1/2

[Event "22nd World Seniors Open"]
[Site "Kamena Vourla GRE"]
[Date "2012.11.13"]
[Round "1.3"]
[White "Baeta,M"]
[Black "Timoscenko,G"]
[Result "0-1"]
[WhiteElo "2066"]
[BlackElo "2490"]

1.d4 Nf6 2.c4 g6 3.Nc3 d5 4.cxd5 Nxd5 5.e4 Nxc3 6.bxc3 Bg7 7.Bc4 c5 8.Nf3 Nc6
9.Be3 O-O 10.h3 cxd4 11.cxd4 Qa5+ 12.Qd2 Rd8 13.Qxa5 Nxa5 14.Be2 b6 15.Rc1 Bb7
16.d5 f5 17.exf5 gxf5 18.Nh4 Rxd5 19.Bf3 Re5 20.O-O Bxf3 21.Nxf3 Rd5 22.Rc7 e5
23.g3 b5 24.Bxa7 e4 25.Ng5 Be5 26.Ne6 Rd6 27.Nc5 Rg6 28.Rd7 Nc6 29.Bb6 Rxa2
30.Bc7 Bd4 31.Nb3 Ba7 32.Bf4 Ra3 33.Rb1 b4 34.Rd5 Rf6 35.Bg5 Rf7 36.Rc1 Rxb3
37.Rxc6 Rxg3+  0-1

[Event "FIDE WCh Women World Cup"]
[Site "Khanty-Mansiysk RUS"]
[Date "2012.11.14"]
[Round "2.1"]
[White "Javakhishvili,L"]
[Black "Lahno,Kateri"]
[Result "1/2-1/2"]
[WhiteElo "2455"]
[BlackElo "2553"]

1.d4 Nf6 2.c4 g6 3.Nc3 d5 4.cxd5 Nxd5 5.e4 Nxc3 6.bxc3 Bg7 7.Nf3 c5 8.Rb1 O-O
9.Be2 b6 10.O-O Bb7 11.Qd3 cxd4 12.cxd4 e6 13.Rd1 Nc6 14.Bg5 Qd6 15.Qe3 Rfc8
16.Bf4 Qf8 17.Bb5 Nb4 18.Qe2 Rc2 19.Rd2 Rac8 20.Ba4 Rc1+ 21.Rxc1 Rxc1+ 22.Rd1 Rxd1+
23.Bxd1 Qc8 24.a3 Nc6 25.d5 Nd4 26.Qd2  1/2-1/2

[Event "WY BU18 2012"]
[Site "Maribor SLO"]
[Date "2012.11.14"]
[Round "7.8"]
[White "Drozdowski,K"]
[Black "Bok,B"]
[Result "1-0"]
[WhiteElo "2392"]
[BlackElo "2537"]

1.d4 Nf6 2.c4 g6 3.Nc3 d5 4.cxd5 Nxd5 5.e4 Nxc3 6.bxc3 Bg7 7.Bc4 O-O 8.Ne2 c5
9.Be3 Nc6 10.O-O Bg4 11.f3 Bd7 12.Rc1 Qc7 13.Qd2 Rfd8 14.Bf4 Qa5 15.d5 Ne5
16.Bxe5 Bxe5 17.f4 Bg7 18.f5 Be8 19.d6 Rxd6 20.Qg5 Qa4 21.e5 Rdd8 22.Rf4 Qc6
23.Rcf1 gxf5  1-0

[Event "WY GU16 2012"]
[Site "Maribor SLO"]
[Date "2012.11.14"]
[Round "7.29"]
[White "Torres Rosas,R"]
[Black "Gaboyan,S"]
[Result "0-1"]
[WhiteElo "1807"]
[BlackElo "1976"]

1.d4 Nf6 2.c4 g6 3.Nc3 d5 4.cxd5 Nxd5 5.e4 Nxc3 6.bxc3 Bg7 7.Be3 c5 8.Bc4 Nc6
9.Ne2 O-O 10.O-O Bg4 11.f3 Na5 12.Bd3 cxd4 13.cxd4 Be6 14.Qd2 Nc4 15.Bxc4 Bxc4
16.Rfe1 Qd7 17.Rac1 b5 18.Red1 Rfd8 19.Nc3 b4 20.Ne2 Qb5 21.Kf2 a5 22.Ng3 a4
23.Rb1 b3 24.Rdc1 Bd3 25.Ne2 Bxb1 26.Rxb1 Rdc8 27.axb3 axb3 28.Rb2 Ra1 29.Nf4 Rf1+
30.Kg3 Qg5+ 31.Kh3 Qh5+ 32.Kg3 g5 33.h3 gxf4+ 34.Bxf4 Kf8 35.Be3 Rcc1 36.Qd3 Qg6+
37.Kf4 e5+ 38.dxe5 Bh6+  0-1

[Event "WY BU14 2012"]
[Site "Maribor SLO"]
[Date "2012.11.14"]
[Round "7.44"]
[White "Zeynalli,Miradil"]
[Black "Dolinar,Jan"]
[Result "1-0"]
[WhiteElo "2027"]
[BlackElo "1818"]

1.d4 Nf6 2.c4 g6 3.Nc3 d5 4.cxd5 Nxd5 5.e4 Nxc3 6.bxc3 Bg7 7.Bc4 c5 8.Be3 Nc6
9.Ne2 O-O 10.O-O Na5 11.Bd3 b6 12.Rc1 cxd4 13.cxd4 e5 14.d5 f5 15.f3 f4 16.Bd2 g5
17.Bxa5 bxa5 18.Nc3 h5 19.Be2 Qb6+ 20.Kh1 Qg6 21.Na4 g4 22.Nc5 g3 23.d6 Bh3
24.Re1 gxh2 25.gxh3 Qg3 26.Rc2 Rf6 27.Bc4+ Kh7 28.Rg2 Qh4 29.Rxh2 Bf8 30.Nd7 Rh6
31.Qd5 Bg7 32.Qf7  1-0

[Event "WY BU16 2012"]
[Site "Maribor SLO"]
[Date "2012.11.15"]
[Round "8.3"]
[White "Javanbakht,N"]
[Black "Girish,A"]
[Result "0-1"]
[WhiteElo "2416"]
[BlackElo "2367"]

1.d4 Nf6 2.c4 g6 3.Nc3 d5 4.cxd5 Nxd5 5.e4 Nxc3 6.bxc3 Bg7 7.Bc4 c5 8.Ne2 O-O
9.O-O Nc6 10.Be3 Qc7 11.Rc1 b6 12.f4 Na5 13.Bd3 c4 14.Bb1 f5 15.d5 fxe4 16.Bxe4 Bf5
17.d6 Qxd6 18.Bd5+ Kh8 19.Bxa8 Rxa8 20.Bd4 Nc6 21.Bxg7+ Kxg7 22.Ng3 Bd3 23.Qg4 Qc5+
24.Rf2 Qe3 25.Rd1 Rf8 26.Qf3 Qe6 27.h3 Rf7 28.Ne2 Bc2 29.Rd2 Bd3 30.Kh2 Ne5
31.Qg3 Nd7 32.f5 Qd6 33.Nf4 Nc5 34.fxg6 hxg6 35.Nh5+ Kg8 36.Rxf7 Qxg3+ 37.Nxg3 Kxf7
38.Rd1 Na4 39.Rc1 e5 40.Kg1 b5 41.Kf2 Ke6 42.Ke3 Nb6 43.Kd2 Nd5 44.Nf1 a5
45.a3 Nf6 46.Ke3 Nd5+ 47.Kd2 Nf6 48.Ke3 Kd6 49.Nd2 Kc5 50.h4 Nd5+ 51.Kf3 b4
52.axb4+ axb4 53.cxb4+ Kd4 54.g4 e4+ 55.Kg3 c3 56.Nb3+ Kc4 57.Nc5 Nxb4 58.Rxc3+ Kxc3
59.Nxe4+ Bxe4 60.Kf4 Kd4 61.h5 gxh5 62.gxh5 Nd5+ 63.Kg5 Ke5 64.Kh6 Nf6 65.Kg5 Bf3
66.h6 Be4 67.h7 Nxh7+ 68.Kh5 Bf5 69.Kh6 Kf6 70.Kh5 Ng5 71.Kh6 Nf7+ 72.Kh5 Ke5
73.Kh4 Kf4 74.Kh5 Be4 75.Kh4 Bf3 76.Kh3 Ne5 77.Kh4 Ng6+ 78.Kh3 Ne7 79.Kh2 Ke3
80.Kg1 Ke2 81.Kh2 Kf2 82.Kh3 Nf5 83.Kh2 Bg4  0-1

[Event "WY BU14 2012"]
[Site "Maribor SLO"]
[Date "2012.11.16"]
[Round "9.42"]
[White "Doknjas,John"]
[Black "Loh,Zachary"]
[Result "1/2-1/2"]
[WhiteElo "1900"]
[BlackElo "1953"]

1.d4 Nf6 2.c4 g6 3.Nc3 d5 4.cxd5 Nxd5 5.e4 Nxc3 6.bxc3 Bg7 7.Nf3 c5 8.Rb1 O-O
9.Be2 Nc6 10.d5 Ne5 11.Nxe5 Bxe5 12.Qc2 f5 13.f4 Bg7 14.Bf3 fxe4 15.Bxe4 Bf5
16.O-O Bxe4 17.Qxe4 Bxc3 18.Rxb7 Bd4+ 19.Kh1 Rf5 20.Qe6+ Kh8 21.Rd7 Qg8 22.g4 Rf6
23.Qxg8+ Kxg8 24.Re1 Rd6 25.Rc7 Rxd5 26.Rexe7 Bf6 27.Rf7 Rd1+ 28.Kg2 Bd4
29.Be3 Bxe3 30.Rg7+ Kf8 31.Rgf7+ Ke8 32.Rfe7+ Kf8  1/2-1/2

[Event "WY BU18 2012"]
[Site "Maribor SLO"]
[Date "2012.11.16"]
[Round "9.21"]
[White "Kokotovic,A"]
[Black "Ben Artzi,I"]
[Result "1/2-1/2"]
[WhiteElo "2062"]
[BlackElo "2298"]

1.d4 Nf6 2.c4 g6 3.Nc3 d5 4.cxd5 Nxd5 5.e4 Nxc3 6.bxc3 Bg7 7.Be3 c5 8.Qd2 O-O
9.Nf3 Qa5 10.Rc1 Bg4 11.d5 Na6 12.h4 Rfd8 13.Ng5 b5 14.f3 Bc8 15.h5 b4 16.cxb4 Qxb4
17.hxg6 hxg6 18.Bc4 Bb7 19.Ke2 Qa4 20.Rh7 Bf6 21.e5 Bxg5 22.Rch1 Qxc4+ 23.Ke1 Bh4+
24.R1xh4 Qxh4+ 25.Rxh4 Rxd5 26.Qc3 Nb4 27.e6 f6 28.Kf2 Nd3+ 29.Kg1 Bc8 30.Bxc5 Nxc5
31.Rc4 Bxe6 32.Rxc5 Rxc5 33.Qxc5 Bxa2 34.Qxe7 Rf8 35.Qxa7 Bf7 36.Qd4 Kg7
37.g4 g5 38.Kg2 Re8 39.f4 gxf4 40.g5 Re5  1/2-1/2

[Event "WY BU14 2012"]
[Site "Maribor SLO"]
[Date "2012.11.16"]
[Round "9.13"]
[White "Mousavi,Se"]
[Black "Pranav,V"]
[Result "0-1"]
[WhiteElo "2254"]
[BlackElo "2127"]

1.d4 Nf6 2.c4 g6 3.Nc3 d5 4.cxd5 Nxd5 5.e4 Nxc3 6.bxc3 Bg7 7.Bc4 O-O 8.Ne2 c5
9.O-O Nc6 10.Be3 b6 11.Qd2 cxd4 12.cxd4 Bb7 13.f4 Rc8 14.Rac1 e6 15.Qd3 Qe7
16.a3 Rfd8 17.Rfd1 Bf8 18.a4 Qa3 19.Rc3 Qxa4 20.Rdc1 Na5 21.Bb5 Rxc3 22.Nxc3 Qb4
23.Rb1 Qa3 24.Bc1 Qd6 25.Ne2 Bg7 26.e5 Qd5 27.Qg3 Bf8 28.Be3 Rc8 29.Bd3 Qa2
30.h4 Nc4 31.Bf2 Nb2 32.Nc1 Qa4 33.Bf1 Be4 34.Rxb2 Rxc1 35.Re2 Qa1 36.Be1 Qxd4+
37.Kh2 Bc5 38.Bf2 Qd1 39.Bxc5 Qxf1 40.Qg5 Qh1+ 41.Kg3 Rc3+ 42.Kf2 h6 43.Qd8+ Kh7
44.Rxe4 bxc5 45.Qe7 Rc2+ 46.Re2 Rxe2+ 47.Kxe2 Qxg2+ 48.Ke3 Qh3+ 49.Ke2 Qf5
50.Ke3 c4 51.Qxa7 c3 52.Qd4 Qh3+ 53.Ke4 c2 54.Qc5 Qh1+  0-1

[Event "WY BU18 2012"]
[Site "Maribor SLO"]
[Date "2012.11.16"]
[Round "9.40"]
[White "Drnovsek,G"]
[Black "Copi,Ambroz"]
[Result "1-0"]
[WhiteElo "2236"]
[BlackElo "1729"]

1.d4 Nf6 2.c4 g6 3.Nc3 d5 4.cxd5 Nxd5 5.e4 Nxc3 6.bxc3 Bg7 7.Bc4 c5 8.Ne2 O-O
9.O-O Nc6 10.Be3 Qc7 11.Qc1 e6 12.Bf4 Qe7 13.Rd1 cxd4 14.cxd4 Bd7 15.Qd2 a6
16.Rac1 b5 17.Bb3 Rfe8 18.d5 Ne5 19.d6 Qd8 20.Bxe5 Bxe5 21.f4 Bg7 22.e5 f6
23.Qe3 Rc8 24.Rxc8 Bxc8 25.d7 Bxd7 26.Qa7 Re7 27.Qxa6 Qe8 28.Qd6 fxe5 29.fxe5 Bf8
30.Nd4 Kg7 31.Rc1 Qf7 32.Rc7 Qf4 33.Rxd7 Qc1+ 34.Kf2 Qd2+ 35.Kf1 Qc1+ 36.Ke2 Qb2+  1-0

[Event "TCh-AUT 2 East 2012-13"]
[Site "Austria AUT"]
[Date "2012.11.17"]
[Round "3.3"]
[White "Beck,Hart"]
[Black "Certek,P"]
[Result "1/2-1/2"]
[WhiteElo "2295"]
[BlackElo "2315"]

1.d4 Nf6 2.c4 g6 3.Nc3 d5 4.cxd5 Nxd5 5.e4 Nxc3 6.bxc3 Bg7 7.Bc4 c5 8.Ne2 Nc6
9.Be3 cxd4 10.cxd4 Qa5+ 11.Qd2 Qxd2+ 12.Kxd2 O-O 13.Rhd1 Bd7 14.Rac1 Rfc8
15.Ke1 Na5 16.Bd3 e6 17.Bd2 Nc6 18.Bc3 Rc7 19.Ba5 Rcc8 20.Bc3 Rc7 21.Ba5 Rcc8
22.Bc3  1/2-1/2

[Event "22nd World Seniors Open"]
[Site "Kamena Vourla GRE"]
[Date "2012.11.17"]
[Round "5.41"]
[White "Keze,A"]
[Black "Andreas,G"]
[Result "0-1"]
[WhiteElo "1718"]
[BlackElo "1995"]

1.d4 Nf6 2.c4 g6 3.Nc3 d5 4.cxd5 Nxd5 5.e4 Nxc3 6.bxc3 Bg7 7.Nf3 O-O 8.Be2 c5
9.Be3 cxd4 10.Bxd4 e5 11.Bxe5 Bxe5 12.Qxd8 Bxc3+ 13.Qd2 Bxd2+ 14.Nxd2 Rd8
15.Rc1 Nc6 16.f3 Nb4 17.Bc4 Be6 18.Ke2 Nxa2 19.Rc2 Nb4 20.Rb2 a5 21.Bxe6 fxe6
22.Nc4 Rd4 23.Nb6 Ra6 24.Na4 Rc6 25.Rd1 Rxd1 26.Kxd1 b5 27.Rb3 bxa4 28.Ra3 Rc5
29.Rxa4 Kf7 30.g3 e5 31.Ke2 Rc2+ 32.Ke3 Ra2 33.Rxa2 Nxa2 34.Kd3 Nb4+ 35.Kc4 g5
36.Kb5 Nc6 37.h4 h6 38.Kxc6 a4 39.Kd5 a3 40.Kxe5 a2 41.Kf5 gxh4 42.gxh4 a1=Q
43.f4 Qf6+ 44.Kg4 h5+ 45.Kf3 Qxh4 46.e5 Ke6 47.Ke4 Qg4 48.Ke3  0-1

[Event "VIII Governor's Cup"]
[Site "Khanty-Mansiysk RUS"]
[Date "2012.11.17"]
[Round "3.1"]
[White "Timofeev,Arty"]
[Black "Kurnosov,I"]
[Result "1/2-1/2"]
[WhiteElo "2600"]
[BlackElo "2645"]

1.d4 Nf6 2.c4 g6 3.Nc3 d5 4.cxd5 Nxd5 5.e4 Nxc3 6.bxc3 Bg7 7.Bc4 c5 8.Ne2 Nc6
9.Be3 O-O 10.O-O b6 11.h4 e6 12.h5 Qh4 13.hxg6 hxg6 14.f3 cxd4 15.cxd4 Rd8
16.Bb5 Bb7 17.Qa4 Rac8 18.Rac1 Na5 19.Qb4 Bh6 20.Bf2 Qg5 21.Rfd1 Rxc1 22.Nxc1 Rc8
23.Nd3 Rc2 24.Ne5 Rc1 25.Rxc1 Qxc1+ 26.Kh2 Bf8 27.Qe1 Qxe1 28.Bxe1 Bd6 29.Bxa5 bxa5
30.Kg1 Kf8 31.Nd7+ Ke7 32.Nc5 Ba8 33.e5 Bc7 34.Bc4 Bc6 35.a4 Bb6 36.Bb3 g5
37.Kf2 f6 38.exf6+ Kxf6 39.Nxe6 Bxa4 40.Bxa4 Kxe6 41.Ke3 Kf5 42.Bd7+ Kf6
43.Ke4 a6 44.Kd5 Ba7 45.Kc4 Bb6 46.Kd5 Ba7 47.Ke4 Bb6 48.d5 Bc7 49.Bc8 a4
50.Bxa6 a3 51.Bc4 Be5 52.Ba2 Bd6 53.Bb1 Be5 54.Kd3 Bd6 55.Kd4 Ke7 56.Kc4 Kd7
57.Ba2 Ke7 58.Bb3  1/2-1/2

[Event "WY BU14 2012"]
[Site "Maribor SLO"]
[Date "2012.11.17"]
[Round "10.38"]
[White "Dale,Ari"]
[Black "Munkhbayar,Gijir"]
[Result "0-1"]
[WhiteElo "2161"]
[BlackElo "1866"]

1.d4 Nf6 2.c4 g6 3.Nc3 d5 4.cxd5 Nxd5 5.e4 Nxc3 6.bxc3 Bg7 7.Bc4 c5 8.Ne2 Nc6
9.Be3 O-O 10.Rc1 Bg4 11.f3 Bd7 12.h4 Qa5 13.Kf2 h6 14.e5 cxd4 15.cxd4 Nb4
16.Qd2 b5 17.Bd5 Bf5 18.Bxa8 Nd3+ 19.Kg3 Qxd2 20.Bxd2 Nxc1 21.Rxc1 Rxa8 22.Bb4 a5
23.Bxe7 b4 24.Kf4 Rb8 25.d5 Re8 26.Rc7 Bd3 27.Nd4 g5+ 28.hxg5 hxg5+ 29.Kxg5 Bxe5
30.d6 Kh7 31.Kh4 Kg6 32.f4 Bxd4 33.Kg3 Bf6 34.Rc6 Bf5 35.Rb6 Bd7 36.Ra6 Bxe7
37.dxe7+ Kg7 38.f5 Bxf5 39.Rxa5 Bd7 40.Re5 Be6 41.Re4 Rxe7 42.Rxb4 Bxa2 43.Kf4 Re2
44.g4 Be6 45.Kf3 Rc2 46.Rb1 Rc3+ 47.Kf2 Bxg4 48.Rg1 f5 49.Rb1 Kg6  0-1